Managing personal learning and change : a trainer's guide

Αποθηκεύτηκε σε:
Λεπτομέρειες βιβλιογραφικής εγγραφής
Κύριος συγγραφέας: Clark, Neil 1947-
Μορφή: Βιβλίο
Γλώσσα:English
Δημοσίευση: London : New York : McGraw Hill Book Co., c1991
Σειρά:McGraw-Hill training series
Θέματα:
Ετικέτες: Προσθήκη ετικέτας
Δεν υπάρχουν, Καταχωρήστε ετικέτα πρώτοι!

MARC

LEADER 00000cam a2200000 i 4500
001 1/34051
008 950806s1991 eng d
020 |a 0077073444  |c Ή18.95 
035 |l 10024043 
040 |a GR-MY-UA  |b gre  |e aacr 
041 0 |a eng 
082 0 |a 658.312404  |2 (20) 
100 1 |a Clark, Neil  |d 1947- 
245 1 0 |a Managing personal learning and change :  |b a trainer's guide /  |c Neil Clark 
260 |a London :   |a New York :   |b McGraw Hill Book Co.,   |c c1991 
300 |a xvii, 133 p.;  |b ill.;  |c 25 cm 
490 1 |a McGraw-Hill training series 
504 |a Includes bibliographical references (p. [129]-130) and index 
650 0 0 |a Employees  |x Training of. 
830 0 |a McGraw-Hill training series 
852 |a INST  |b CHIOS  |e 19950806  |h 658.312404 CLA  |p 005200004531  |q 005200004531  |t BK  |y 0 
909 |a Χ  |b 031104